| 000 | 00392nam a2200157Ia 4500 | ||
|---|---|---|---|
| 008 | 160319s9999 xx 000 0 und d | ||
| 245 | _aChildren's Rosary Album / | ||
| 260 | _bStar Recording Inc. | ||
| 260 | _c2002 | ||
| 300 | _a1 videodisc : | ||
| 300 | _bsound, colored ; | ||
| 300 | _c4 3/4 in. | ||
| 650 | _aHymns. | ||
| 650 | _aPrayers -- Songs and music. | ||
| 650 | _aPrayers. | ||
| 999 |
_c292667 _d292667 |
||